000 00835cab a2200193 4500
001 ##L135027
008 060726n2006 000 0 eng u
035 _a(Sirsi) u135027
041 0 _aeng
100 1 _aFrench, Will
245 0 2 _aA UK spatial planning framework
_bthe RTPI's uniting Britain project
260 _c2006
490 0 _aScottish Planner
_v(112) September 2006, 8(1)
520 _aDiscusses the RTPI's emphasis on the role of spatial planning since the adoption of its New Vision for Planning in 2001. Highlights the problem that the UK has no national spatial vision when compared with the rest of Europe which is important for the future when these policy visions attract trade, jobs and growth.
590 _aIKA031006
651 4 _aUnited Kingdom
_y
690 _aPlanning and development
_96259
942 _n0
999 _c77752
_d77752